[Event "Krakow op-A 30th"]
[Site "Krakow"]
[Date "2019.12.30"]
[Round "5"]
[White "Sanz Wawer, Daniel"]
[Black "Nurkiewicz, Maciej"]
[Result "1/2-1/2"]
[WhiteElo "2212"]
[BlackElo "2340"]
[PlyCount "65"]
[EventDate "2019.12.27"]
[EventType "swiss"]
[EventRounds "9"]
[EventCountry "POL"]
[SourceTitle "CBM 194 Extra"]
[Source "ChessBase"]
[SourceDate "2020.03.31"]
[SourceVersion "1"]
[SourceVersionDate "2020.03.31"]
[SourceQuality "1"]

1. d4 Nf6 2. Nf3 g6 3. g3 Bg7 4. Bg2 0-0 5. 0-0 d6 6. c4 Nc6 7. Nc3 a6 8. e4 Rb8 9. Be3 b5 10. cxb5 axb5 11. a3 b4 12. axb4 Nxb4 13. Re1 Ba6 14. Bf1 Bxf1 15. Kxf1 Nd7 16. Kg2 c5 17. Qe2 Qc7 18. Ra4 Nb6 19. Raa1 cxd4 20. Bxd4 Qc4 21. Bxg7 Kxg7 22. Ra7 Rfe8 23. Qxc4 Nxc4 24. b3 Nc6 25. Rc7 Rxb3 26. Nd5 N4a5 27. e5 dxe5 28. Nxe5 Nxe5 29. Rxe5 e6 30. Nf4 Rb7 31. Rxe6 Rxe6 32. Nxe6+ Kf6 33. Rxb7 1/2-1/2

[Event "POL-ch rapid"]
[Site "Zgierz"]
[Date "2019.10.06"]
[Round "5"]
[White "Klekowski, Maciej"]
[Black "Nurkiewicz, Maciej"]
[Result "0-1"]
[WhiteElo "2473"]
[BlackElo "2334"]
[PlyCount "126"]
[EventDate "2019.10.06"]
[EventType "swiss (rapid)"]
[EventRounds "11"]
[EventCountry "POL"]
[SourceTitle "EXT 2020"]
[Source "ChessBase"]
[SourceDate "2019.10.17"]
[SourceVersion "1"]
[SourceVersionDate "2019.10.17"]
[SourceQuality "1"]

1. c4 c5 2. Nc3 Nc6 3. g3 e5 4. Bg2 g6 5. d3 Bg7 6. e3 Nge7 7. Nge2 0-0 8. a3 d6 9. b4 cxb4 10. axb4 Nxb4 11. Ba3 Nbc6 12. 0-0 Be6 13. Rb1 Qd7 14. Ne4 Nc8 15. N2c3 a6 16. Ng5 Bf5 17. Nd5 Be6 18. Nb6 Nxb6 19. Rxb6 Qc7 20. Qb1 Bc8 21. Ne4 Rd8 22. Nc3 Ne7 23. Qb3 Ra7 24. Rb1 Bf8 25. Ne4 Nc6 26. Nf6+ Kh8 27. Qa4 Bg7 28. Nd5 Qd7 29. Nc3 h6 30. Nd5 Kh7 31. Qc2 Kh8 32. R6b3 Bf8 33. Nb6 Qc7 34. Nxc8 Qxc8 35. Rb6 Rd7 36. Bh3 f5 37. Bg2 Rc7 38. Qb2 Qd7 39. Qd2 Kh7 40. d4 exd4 41. exd4 Ra8 42. h4 h5 43. Qf4 Rd8 44. Bb2 Bh6 45. Qf3 Bg7 46. Qd3 Re8 47. Bc3 Re7 48. Bf3 Qd8 49. Kg2 Qh8 50. Rd1 Qd8 51. Qb1 Qh8 52. Qb2 Red7 53. Qd2 Rd8 54. Bd5 Ne7 55. Bxb7 Rxc4 56. Bxa6 Rc6 57. Rb7 Qe8 58. Bb5 Rdc8 59. Re1 Bf6 60. Bxc6 Qxc6+ 61. d5 Qxb7 62. Bxf6 Nxd5 63. Qb2 Nf4+ 0-1

[Event "POL-ch rapid"]
[Site "Zgierz"]
[Date "2019.10.06"]
[Round "6"]
[White "Nurkiewicz, Maciej"]
[Black "Sopur, Lech"]
[Result "1-0"]
[WhiteElo "2334"]
[BlackElo "2417"]
[PlyCount "65"]
[EventDate "2019.10.06"]
[EventType "swiss (rapid)"]
[EventRounds "11"]
[EventCountry "POL"]
[SourceTitle "EXT 2020"]
[Source "ChessBase"]
[SourceDate "2019.10.17"]
[SourceVersion "1"]
[SourceVersionDate "2019.10.17"]
[SourceQuality "1"]

1. d4 c5 2. d5 f5 3. g3 Nf6 4. Bg2 g6 5. Nh3 Bg7 6. 0-0 0-0 7. c4 d6 8. Nc3 Na6 9. Qc2 Nc7 10. b3 a6 11. a4 Rb8 12. a5 b5 13. axb6 Rxb6 14. Bb2 Qe8 15. Rfe1 h6 16. e4 fxe4 17. Nxe4 Bf5 18. Nf4 g5 19. Bxf6 Bxf6 20. Nxf6+ Rxf6 21. Nd3 Qg6 22. Rad1 e5 23. dxe6 Nxe6 24. Bd5 Kh7 25. Qc3 Rb8 26. b4 Qg7 27. bxc5 Nxc5 28. Nxc5 dxc5 29. Re5 Rd8 30. Rde1 Rd7 31. Qe3 Rc7 32. Rxf5 Rxf5 33. Be4 1-0

[Event "POL-ch rapid"]
[Site "Zgierz"]
[Date "2019.10.06"]
[Round "7"]
[White "Socko, Bartosz"]
[Black "Nurkiewicz, Maciej"]
[Result "1-0"]
[WhiteElo "2636"]
[BlackElo "2334"]
[PlyCount "60"]
[EventDate "2019.10.06"]
[EventType "swiss (rapid)"]
[EventRounds "11"]
[EventCountry "POL"]
[SourceTitle "EXT 2020"]
[Source "ChessBase"]
[SourceDate "2019.10.17"]
[SourceVersion "1"]
[SourceVersionDate "2019.10.17"]
[SourceQuality "1"]

1. d4 d5 2. c4 dxc4 3. e4 Nf6 4. e5 Nd5 5. Bxc4 Nc6 6. Ne2 Bf5 7. 0-0 e6 8. Nbc3 Nb6 9. Bb5 Be7 10. Ng3 Bg6 11. Be3 0-0 12. Bxc6 bxc6 13. Rc1 c5 14. Nce2 c4 15. Nf4 Qd7 16. Qg4 Kh8 17. h4 Qb5 18. h5 Bd3 19. h6 g6 20. Rfd1 Nd5 21. b3 Nxf4 22. Bxf4 cxb3 23. axb3 c5 24. Bg5 Bf5 25. Qh4 Bxg5 26. Qxg5 f6 27. exf6 cxd4 28. Rxd4 Qe5 29. Rd7 Qxf6 30. Rcc7 Qxg5 1-0

[Event "POL-chT 1st League"]
[Site "Dzwirzyno"]
[Date "2019.09.14"]
[Round "8.3"]
[White "Sabuk, Piotr"]
[Black "Nurkiewicz, Maciej"]
[Result "1-0"]
[WhiteElo "2397"]
[BlackElo "2334"]
[PlyCount "67"]
[EventDate "2019.09.07"]
[EventType "team-tourn"]
[EventRounds "9"]
[EventCountry "POL"]
[SourceTitle "EXT 2020"]
[Source "ChessBase"]
[SourceDate "2019.10.17"]
[SourceVersion "1"]
[SourceVersionDate "2019.10.17"]
[SourceQuality "1"]
[WhiteTeam "Plock Hetman"]
[BlackTeam "Wrzos Miedzyborow"]
[WhiteTeamCountry "POL"]
[BlackTeamCountry "POL"]

1. d4 d5 2. c4 dxc4 3. Nf3 Nf6 4. Nc3 a6 5. e4 b5 6. e5 Nd5 7. a4 Nxc3 8. bxc3 Qd5 9. g3 Bb7 10. Bg2 Qd7 11. Ba3 g6 12. 0-0 Bg7 13. e6 fxe6 14. Re1 0-0 15. Qe2 Bd5 16. Ng5 Bxg2 17. Kxg2 Nc6 18. Qxe6+ Qxe6 19. Nxe6 Rfc8 20. Nxg7 Kxg7 21. d5 Nd8 22. Rxe7+ Nf7 23. Bc5 Rab8 24. a5 Rd8 25. Rxc7 Rxd5 26. Re1 Kg8 27. Ree7 Rf5 28. h4 Rd8 29. Be3 h5 30. Re6 Rd6 31. Re8+ Kg7 32. Bd4+ Rxd4 33. cxd4 Rf6 34. Rb8 1-0

[Event "POL-chT 1st League"]
[Site "Dzwirzyno"]
[Date "2019.09.13"]
[Round "7.3"]
[White "Nurkiewicz, Maciej"]
[Black "Redlich, Bogdan"]
[Result "1/2-1/2"]
[WhiteElo "2334"]
[BlackElo "1600"]
[PlyCount "63"]
[EventDate "2019.09.07"]
[EventType "team-tourn"]
[EventRounds "9"]
[EventCountry "POL"]
[SourceTitle "EXT 2020"]
[Source "ChessBase"]
[SourceDate "2019.10.17"]
[SourceVersion "1"]
[SourceVersionDate "2019.10.17"]
[SourceQuality "1"]
[WhiteTeam "Wrzos Miedzyborow"]
[BlackTeam "Lodz Okucia Budowlane"]
[WhiteTeamCountry "POL"]
[BlackTeamCountry "POL"]

1. d4 Nf6 2. c4 g6 3. Nc3 Bg7 4. e4 d6 5. Nf3 0-0 6. Be2 e5 7. 0-0 Nc6 8. d5 Ne7 9. b4 a5 10. Ba3 axb4 11. Bxb4 b6 12. a4 Re8 13. Nd2 c5 14. Ba3 Rf8 15. Bb2 Ne8 16. Nb5 f5 17. Bc3 fxe4 18. Nxe4 Nf5 19. Bd3 Bh6 20. Bd2 Bxd2 21. Qxd2 Bd7 22. Nbc3 Nd4 23. Qg5 Qxg5 24. Nxg5 Nf6 25. Rfb1 Ra6 26. Ra2 h6 27. Nge4 Nxe4 28. Bxe4 Kg7 29. Rab2 Rb8 30. f3 g5 31. Bd3 Kf6 32. Kf2 1/2-1/2